000 00204 a2200097 4500
020 _a9780778786733
041 _aspa
100 _aBobbie Kalman
245 _aEl ciclo de vida de los Tiburones
942 _cBK
999 _c14106
_d14106